Movies Quiz

Random Movies or Role Quiz
Score 0/40 Timer 08:00
0 Plays Today
% Correct
La La Land
89.4%
Finding Dory
88.5%
Captain America: Civil War
86.7%
Deadpool
85.7%
Bridget Jones's Baby
84.4%
Bad Moms
84%
Zoolander 2
83.6%
Kung Fu Panda 3
83.4%
Moana
82.9%
Alice Through the Looking Glass
81.7%
Batman v Superman: Dawn of Justice
81.6%
Ice Age: Collision Course
81.4%
Suicide Squad
81.3%
Ghostbusters
80.5%
Doctor Strange
80.4%
Jack Reacher: Never Go Back
80.2%
Neighbors 2: Sorority Rising
80.2%
Jason Bourne
80.1%
Sausage Party
79.2%
Dirty Grandpa
79%
% Correct
Sully
79%
Star Trek Beyond
77.8%
Fantastic Beasts and Where to Find Them
77.7%
Passengers
77.7%
X-Men: Apocalypse
76.8%
Manchester by the Sea
76.6%
Ride Along 2
75.9%
Now You See Me 2
75.2%
The Huntsman: Winter's War
73.6%
The Divergent Series: Allegiant
73.4%
Hidden Figures
71.7%
The Accountant
71.2%
Fences
71.2%
Central Intelligence
70.7%
The Girl on the Train
70.7%
Mike and Dave Need Wedding Dates
68.5%
Arrival
68.2%
Hacksaw Ridge
68.1%
Moonlight
65.5%
Rogue One: A Star Wars Story
64.2%
Remove Ads.
Support Sporcle.
Get the best of Sporcle when you Go Orange. This ad-free experience offers more features, more stats, and more fun while also helping to support Sporcle. Thank you for becoming a member.

You're not logged in!

Compare scores with friends on all Sporcle quizzes.
OR
Log In

Show Comments

Extras

Top Quizzes Today


Score Distribution

Your Account Isn't Verified!

In order to create a playlist on Sporcle, you need to verify the email address you used during registration. Go to your Sporcle Settings to finish the process.

Report this User

Report this user for behavior that violates our Community Guidelines.

Details: